Amazing book of questions & answer / (Record no. 47870)
[ view plain ]
| 000 -LEADER | |
|---|---|
| fixed length control field | 00569nam a22001817a 4500 |
| 005 - DATE AND TIME OF LATEST TRANSACTION | |
| control field | 20100928104557.0 |
| 008 - FIXED-LENGTH DATA ELEMENTS--GENERAL INFORMATION | |
| fixed length control field | 100928t xxu||||| |||| 00| 0 eng d |
| 020 ## - INTERNATIONAL STANDARD BOOK NUMBER | |
| International Standard Book Number | 1405485426 |
| 035 ## - SYSTEM CONTROL NUMBER | |
| System control number | B-220874 |
| 082 ## - DEWEY DECIMAL CLASSIFICATION NUMBER | |
| Classification number | 000 |
| 100 ## - MAIN ENTRY--PERSONAL NAME | |
| Personal name | Guest, John |
| 9 (RLIN) | 22112 |
| 245 ## - TITLE STATEMENT | |
| Title | Amazing book of questions & answer / |
| Statement of responsibility, etc | by John Guest |
| 260 ## - PUBLICATION, DISTRIBUTION, ETC. (IMPRINT) | |
| Place of publication, distribution, etc | New York |
| Name of publisher, distributor, etc | Back Pack Books |
| Date of publication, distribution, etc | 2006 |
| 300 ## - PHYSICAL DESCRIPTION | |
| Extent | 191p. |
| Other physical details | ill. |
| Dimensions | 27cm (Hb) |
| 500 I# - GENERAL NOTE | |
| General note | Includes index |
| 942 ## - ADDED ENTRY ELEMENTS (KOHA) | |
| Source of classification or shelving scheme | Dewey Decimal Classification |
| Item type | Children Books |
| Classification part | 000 |
| Call number suffix | GUE |
| Withdrawn status | Lost status | Source of classification or shelving scheme | Damaged status | Not for loan | Collection code | Home library | Current library | Date acquired | Total Checkouts | Full call number | Barcode | Date last seen | Koha item type | Source of acquisition | Total Renewals |
|---|---|---|---|---|---|---|---|---|---|---|---|---|---|---|---|
| Dewey Decimal Classification | Not For Loan | Non-fiction | Patel Nagar | Patel Nagar | 28/09/2010 | 000 GUE | B-220874 | 28/09/2010 | Children Books | ||||||
| Dewey Decimal Classification | Non-fiction | Shahdara Branch | Shahdara Branch | 15/12/2018 | 3 | 000 GUE | B-224211 | 14/09/2024 | Children Books | BPPD/PUB | 2 |
